00415nam a2200169Ia 4500008004100000020001800041245002900059245004100088260001500129260001600144260000900160300001400169300002500183300001000208500000800218999001900226170705s9999 xx 000 0 und d a9780439203784 aFranklin's baby sitter / cPaulette Bourheois and Brenda Clark. aNew York : bScholastic, c2000 aunpaged : bcolor illustration ; c23cm. a240 c335632d335632